[Event "XXIX Andorra Open"]
[Site "Arinsal AND"]
[Date "2011.07.24"]
[Round "9.13"]
[White "Popilski, Gil"]
[Black "Norwood, David R"]
[Result "0-1"]
[WhiteTitle "IM"]
[BlackTitle "GM"]
[WhiteElo "2376"]
[BlackElo "2491"]
[WhiteFideId "2809060"]
[BlackFideId "400106"]
[EventDate "2011.07.16"]
[EventType "swiss"]

1. e4 g6 2. d4 Bg7 3. Nf3 d6 4. c3 Nf6 5. Bd3 O-O 6. O-O Nbd7 7. Re1 e5 8. Nbd2
b6 9. a4 a6 10. Nc4 exd4 11. cxd4 d5 12. exd5 Nxd5 13. Bg5 N7f6 14. Nfe5 Bb7 15.
Qd2 Re8 16. Ng4 Rxe1+ 17. Rxe1 Qd7 18. Nce5 Qxa4 19. Nxf6+ Bxf6 20. Bc4 Bxg5 21.
Qxg5 Re8 22. h4 Rxe5 23. dxe5 Qxc4 24. e6 fxe6 25. Rxe6 Kf7 26. Re1 Qb4 27. Re2
Nf6 28. h5 Qg4 29. hxg6+ hxg6 30. Qxg4 Nxg4 31. f3 Nf6 32. Kf2 Nd5 0-1

[Event "XXIX Andorra Open"]
[Site "Arinsal AND"]
[Date "2011.07.24"]
[Round "9.14"]
[White "Wegerle, Joerg"]
[Black "Helmers, Wim"]
[Result "1-0"]
[WhiteTitle "IM"]
[WhiteElo "2446"]
[BlackElo "2118"]
[WhiteFideId "4644743"]
[BlackFideId "1006592"]
[EventDate "2011.07.16"]
[EventType "swiss"]

1. c4 e5 2. g3 Nf6 3. Bg2 c6 4. d4 exd4 5. Qxd4 d5 6. Nf3 c5 7. Qe5+ Be7 8. cxd5
Qxd5 9. Nc3 Qd8 10. Bg5 Nc6 11. Qe3 Nd4 12. O-O-O Be6 13. Nxd4 cxd4 14. Rxd4 Qb6
15. Bxf6 Bxf6 16. Rd3 Qxe3+ 17. Rxe3 O-O 18. Rd1 Rab8 19. Nd5 Rfc8+ 20. Kb1 Bxd5
21. Bxd5 b5 22. Red3 Rd8 23. e4 Kf8 24. f4 Rbc8 25. Ra3 Rc7 26. Ra5 Rb8 27. Ra6
Be7 28. Rc6 Rxc6 29. Bxc6 Rb6 30. Rc1 Bd8 31. Rc5 a6 32. Kc1 Be7 33. Rc2 Bd8 34.
Kd2 h6 35. Kd3 Rb8 36. Bd5 Bb6 37. e5 1-0

[Event "XXIX Andorra Open"]
[Site "Arinsal AND"]
[Date "2011.07.24"]
[Round "9.15"]
[White "Porat, Maya"]
[Black "Gagarin, Vasilij"]
[Result "1/2-1/2"]
[BlackTitle "IM"]
[WhiteElo "2274"]
[BlackElo "2428"]
[WhiteFideId "2808072"]
[BlackFideId "4103610"]
[EventDate "2011.07.16"]
[EventType "swiss"]

1. d4 d5 2. c4 c6 3. Nf3 Nf6 4. e3 e6 5. Bd3 dxc4 6. Bxc4 Nbd7 7. O-O Bd6 8. Nc3
b5 9. Bd3 O-O 10. e4 e5 11. Bg5 h6 12. Bxf6 Qxf6 13. d5 b4 14. dxc6 bxc3 15.
cxd7 Bxd7 16. bxc3 Rac8 17. Qc2 Bb4 18. Qb3 Rxc3 19. Qxb4 Rxd3 20. Rad1 Rxd1 21.
Rxd1 Bg4 22. Qa3 Rc8 23. h3 Bxf3 24. Qxf3 Rc2 25. Qxf6 gxf6 26. Rd6 Rxa2 27.
Rxf6 Kg7 28. Rc6 h5 29. g3 f6 30. Rc7+ Kg6 31. Kg2 a5 32. Ra7 a4 33. h4 Ra1 34.
Kh2 Rf1 35. Kg2 Ra1 36. Kh2 a3 37. Kg2 a2 38. Kh2 Re1 39. Rxa2 Rxe4 1/2-1/2

[Event "XXIX Andorra Open"]
[Site "Arinsal AND"]
[Date "2011.07.24"]
[Round "9.16"]
[White "Jerez Perez, Alfonso"]
[Black "Silva Rodriguez, Fernando"]
[Result "1-0"]
[WhiteTitle "IM"]
[WhiteElo "2416"]
[BlackElo "2064"]
[WhiteFideId "2204100"]
[BlackFideId "2215268"]
[EventDate "2011.07.16"]
[EventType "swiss"]

1. e4 e5 2. Nc3 Nc6 3. g3 Nf6 4. Bg2 Bc5 5. Nge2 d6 6. Na4 Bg4 7. h3 Be6 8. f4
Bb6 9. Nxb6 axb6 10. O-O h6 11. b3 g5 12. d4 exd4 13. Nxd4 gxf4 14. Nxc6 bxc6
15. gxf4 Rg8 16. f5 Bd7 17. Qf3 Qe7 18. Kh1 O-O-O 19. Bf4 d5 20. exd5 cxd5 21.
Qc3 c5 22. Qd3 Kb7 23. Rae1 Ne4 24. Qxd5+ Bc6 25. Qxc6+ Kxc6 26. Bxe4+ Kb5 27.
Bc6+ 1-0

[Event "XXIX Andorra Open"]
[Site "Arinsal AND"]
[Date "2011.07.24"]
[Round "9.17"]
[White "Panelo, Marcelo"]
[Black "Hamdouchi, Adina-Maria"]
[Result "1-0"]
[WhiteTitle "IM"]
[BlackTitle "WGM"]
[WhiteElo "2413"]
[BlackElo "2266"]
[WhiteFideId "104213"]
[BlackFideId "1206435"]
[EventDate "2011.07.16"]
[EventType "swiss"]

1. Nf3 g6 2. c4 Bg7 3. d4 Nf6 4. Nc3 O-O 5. g3 d5 6. cxd5 Nxd5 7. Bg2 Nb6 8. O-O
Nc6 9. e3 a5 10. d5 Bxc3 11. dxc6 Bf6 12. Nd4 bxc6 13. Qc2 Bd7 14. Rd1 Qc8 15.
Nxc6 Bxc6 16. Bxc6 Rb8 17. Bd2 Qa6 18. Rac1 Rfd8 19. b3 Nd5 20. a3 Rd6 21. Bxd5
Rxd5 22. Be1 Qe6 23. Rxd5 Qxd5 24. b4 axb4 25. Bxb4 Rb7 26. Rd1 Qb5 27. Qe4 c6
28. Kg2 Kg7 29. Rd2 h5 30. h3 Rc7 31. Rc2 Qe5 32. Qc4 e6 33. a4 Qa1 34. Bc5 Rd7
35. Rc1 Qb2 36. Qc2 Rd2 37. Qxb2 Rxb2 38. a5 Ra2 39. Bb6 Be7 40. Rxc6 Bb4 41. a6
Be1 42. e4 h4 43. g4 1-0

[Event "XXIX Andorra Open"]
[Site "Arinsal AND"]
[Date "2011.07.24"]
[Round "9.18"]
[White "Buchenau, Frank"]
[Black "Klenburg, Mikhail"]
[Result "0-1"]
[WhiteTitle "FM"]
[BlackTitle "IM"]
[WhiteElo "2237"]
[BlackElo "2412"]
[WhiteFideId "4604350"]
[BlackFideId "14102072"]
[EventDate "2011.07.16"]
[EventType "swiss"]

1. e4 e6 2. Nf3 d5 3. Nc3 d4 4. Ne2 c5 5. c3 Nf6 6. Ng3 a6 7. cxd4 cxd4 8. Qa4+
Nc6 9. Ne5 Bd7 10. Nxd7 Nxd7 11. a3 Nc5 12. Qd1 d3 13. b4 Nd4 14. Ra2 Nc2+ 15.
Rxc2 dxc2 16. Qxc2 Nd7 17. Bb2 Nf6 18. d4 Be7 19. Bd3 h6 20. O-O O-O 21. f4 Rc8
22. Qe2 Re8 23. d5 exd5 24. e5 Nd7 25. Qg4 Bf8 26. Nf5 Rc6 27. Nd4 Rb6 28. Nf3
Nc5 29. Bb1 Ne4 30. Rd1 Qc8 31. Qxc8 Rxc8 32. Rd3 a5 33. Bd4 Rc1+ 0-1

[Event "XXIX Andorra Open"]
[Site "Arinsal AND"]
[Date "2011.07.24"]
[Round "9.19"]
[White "Villegas, Pierre"]
[Black "Mullon, Jean-Baptiste"]
[Result "1/2-1/2"]
[BlackTitle "IM"]
[WhiteElo "2255"]
[BlackElo "2400"]
[WhiteFideId "654183"]
[BlackFideId "613606"]
[EventDate "2011.07.16"]
[EventType "swiss"]

1. d4 d6 2. c4 e5 3. d5 Nd7 4. Nc3 Be7 5. e4 Ngf6 6. Bd3 Nc5 7. Bc2 a5 8. h3 O-O
9. Nf3 Nfd7 10. g4 c6 11. Be3 a4 12. b4 axb3 13. axb3 Rxa1 14. Qxa1 Na6 15. Qa3
c5 16. Ke2 Nb4 17. Bb1 Nb8 18. Na2 N8a6 19. Bd2 Nxa2 20. Qxa2 Bd7 21. Bd3 Qc8
22. Ne1 h6 23. f3 Qd8 24. Ng2 Bg5 25. Ba5 Qa8 26. Ra1 Qc8 27. Rg1 Bd8 28. Bd2
Bb6 29. Qa3 Nb4 30. Ne3 Qa8 31. Ra1 Qd8 32. Ng2 Na6 33. Qc1 Qe7 34. Qe1 Kh7 35.
Qg3 Rb8 36. Ne3 g6 37. f4 Nb4 38. fxe5 dxe5 39. Bc3 Re8 40. Rf1 Kg8 41. h4 Bc7
42. g5 h5 43. Ra1 Bd6 44. Kd2 Rb8 45. Bf1 Be8 46. Ng2 Na6 47. Ne1 Bd7 48. Nf3
Re8 49. Bh3 Bxh3 50. Qxh3 Qc7 51. Qg3 Nb8 52. Ra8 b6 53. Qg1 Qd7 54. Ke3 Kh7 55.
Qg2 b5 56. Qg1 Re7 57. Qg2 Qe8 58. Qh2 Qd7 59. Qg2 Qc8 60. Qh2 Qc7 61. Qa2 Qb7
62. Qa1 bxc4 63. bxc4 Qb3 64. Nd2 Qb7 65. Nf3 Qb3 66. Nd2 Qb7 67. Nf3 Qb3 1/2-1/2